Statistics for Element Symbol by letter "D-E"

Click here to take the quiz!

General Stats

  • This quiz has been taken 19 times
  • The average score is 5 of 6

Answer Stats

HintAnswer% Correct
EsEinsteinium
88%
EuEuropium
88%
ErErbium
75%
DbDubnium
75%
DsDarmstadtium
63%
DyDysprosium
63%

Score Distribution

Percentile by Number Answered

Percent of People with Each Score

Your Score History

You have not taken this quiz